|
|
|
|
| LEADER |
00938nam a2200253 i 4500 |
| 001 |
c000246904 |
| 003 |
CARM |
| 005 |
00000000000000.0 |
| 008 |
840311s1971 enk 0 eng d |
| 019 |
1 |
|
|a 23906745
|z 623731
|5 LACONCORD2021
|
| 035 |
|
|
|a (OCoLC)2656641
|5 LACONCORD2021
|
| 082 |
0 |
4 |
|a 338.91
|
| 100 |
1 |
|
|a Wasserman, Max J.
|q (Max Judd)
|
| 245 |
1 |
0 |
|a Modern international economics /
|c [by] Max J. Wasserman, Charles W. Hultman [and] Ray M. Ware.
|
| 250 |
|
|
|a Rev. ed.
|
| 260 |
|
|
|a [London] :
|b Nelson,
|c [1971].
|
| 300 |
|
|
|a 562 p. :
|b illus.
|
| 504 |
|
|
|a Includes bibliographies.
|
| 650 |
|
0 |
|a International economic relations.
|
| 700 |
1 |
|
|a Hultman, Charles W.
|
| 700 |
1 |
|
|a Ware, Ray M.
|
| 852 |
8 |
|
|b CARM
|h A1:AQ19B0
|i C09097
|p 0366957
|f BK
|
| 999 |
f |
f |
|i 8382ad26-22f0-5da1-a83d-8821c9c55bf6
|s ffb281ae-5497-55c7-bb50-7241c1d13884
|
| 952 |
f |
f |
|p Can circulate
|a CAVAL
|b CAVAL
|c CAVAL
|d CARM 1 Store
|e C09097
|f A1:AQ19B0
|h Other scheme
|i book
|m 0366957
|